Normal view MARC view
  • Дармаа, М

Entry Personal Name

Number of records used in: 1

001 - CONTROL NUMBER

  • control field: 70424

003 - CONTROL NUMBER IDENTIFIER

  • control field: OSt

005 - DATE AND TIME OF LATEST TRANSACTION

  • control field: 20260331162140.0

008 - FIXED-LENGTH DATA ELEMENTS

  • fixed length control field: 260331|| aca||aabn | a|a d

040 ## - CATALOGING SOURCE

  • Original cataloging agency: OSt
  • Transcribing agency: OSt

100 ## - HEADING--PERSONAL NAME

  • Personal name: Дармаа, М

670 ## - SOURCE DATA FOUND

  • Source citation: Work cat.: (OSt)37228: Дармаа, М. зохиогч, Халдварт өвчний тархвар судлал: Сурах бичиг